Statistics for Extinction events

Click here to take the quiz!

General Stats

  • This quiz has been taken 20 times
  • The average score is 9 of 32

Answer Stats

myaEvent% Correct
66Cretaceous–Paleogene
91%
252Permian-Triassic
91%
488Cambrian-Ordovician
82%
145End-Jurassic
73%
0Holocene
73%
372Late Devonian
73%
445Late Ordovician
73%
201Triassic-Jurassic
73%
2Pliocene–Pleistocene
45%
33.9Eocene–Oligocene
36%
14.5Middle Miocene
36%
305Carboniferous rainforest collapse
27%
0.129Quaternary
27%
117Aptian
9%
230Carnian Pluvial
9%
94Cenomanian-Turonian
9%
542End-Ediacaran
9%
2400Great Oxidation
9%
388Kačak
9%
420Lau
9%
325Serpukhovian
9%
384Taghanic
9%
186Toarcian Oceanic Anoxic Event
9%
260Captinian
0%
502Dresbachian
0%
517End-Botomian
0%
359Hangenburg
0%
428Ireviken
0%
424Mulde
0%
247Olenekian-Anisian
0%
273Olson's extinction
0%
249Smithian-Spathian
0%

Score Distribution

Percentile by Number Answered

Percent of People with Each Score

Your Score History

You have not taken this quiz